000 00849nam a2200241 a 4500
001 74059
003 BD-RjUL
005 20211209082502.0
008 180207s2016 bg |||| b||| 000 0 ben d
020 _a9789849186885
_cTK. 360.00
035 _a(BD-RjUL)74277
040 _aBD-RjUL
_beng
_cBD-RjUL
041 _aben
082 _223
_a305.895492
_bJAH 2016
100 _aজাহিদ, মো. রওশন
_9220095
245 1 0 _aহাজং /
_c মো. রওশন জাহিদ
260 _aঢাকা :
_bবটেশ্বর বর্নন ,
_c২০১৬
300 _a১৯২ পৃ. ;
_c২২সেমি।
504 _aগ্রন্থপঞ্জি সম্ব্লিত
650 _aউপজাতি (হাজং)
_zবাংলাদেশ
_9220096
650 _aTribe
_zBangladesh
_9220097
942 _2ddc
_cBK
999 _c74059
_d74059